Tratado breve dos rios de Guine' do Cabo Verde : (Record no. 196456)
[ view plain ]
| 000 -LEADER | |
|---|---|
| fixed length control field | 00964cam4a220021700 4500 |
| 001 - CONTROL NUMBER | |
| control field | qcf00337086 |
| 005 - DATE AND TIME OF LATEST TRANSACTION | |
| control field | 20190830120847.0 |
| 008 - FIXED-LENGTH DATA ELEMENTS--GENERAL INFORMATION | |
| fixed length control field | 781120s1841 po 000 0 por d |
| 035 ## - SYSTEM CONTROL NUMBER | |
| System control number | (Sirsi) r29153 |
| 035 ## - SYSTEM CONTROL NUMBER | |
| System control number | (QCAT)lss02145794 |
| 035 ## - SYSTEM CONTROL NUMBER | |
| System control number | (UPRA)qcf00337086 |
| 040 ## - CATALOGING SOURCE | |
| Modifying agency | UPRA |
| 100 1# - MAIN ENTRY--PERSONAL NAME | |
| Personal name | Almada, Andre Alvares d', fl. 1594. |
| Dates associated with a name | Almada, Andre Alvares d', fl. 1594. |
| Linkage | A93473.1 |
| 245 10 - TITLE STATEMENT | |
| Title | Tratado breve dos rios de Guine' do Cabo Verde : |
| Remainder of title | desde o rio do Sanaga' Ate' aos baixos de Sant' Anna [etc.] 1594 / |
| Statement of responsibility, etc. | pub. por Diogo Kopke. |
| 260 ## - PUBLICATION, DISTRIBUTION, ETC. | |
| Place of publication, distribution, etc. | Porto : |
| Name of publisher, distributor, etc. | Typographia commercial portuense, |
| Date of publication, distribution, etc. | 1841. |
| 651 #0 - SUBJECT ADDED ENTRY--GEOGRAPHIC NAME | |
| Geographic name | Guinea-Bissau -- Description and travel. |
| General subdivision | Guinea-Bissau -- Description and travel. |
| Linkage | S67015.1 |
| 651 #0 - SUBJECT ADDED ENTRY--GEOGRAPHIC NAME | |
| Geographic name | Cape Verde -- Description and travel. |
| General subdivision | Cape Verde -- Description and travel. |
| Linkage | S67016.1 |
| 700 1# - ADDED ENTRY--PERSONAL NAME | |
| Personal name | Kopke, Diogo, d. 1844. |
| Dates associated with a name | Kopke, Diogo, d. 1844. |
| Linkage | A93474.1 |
| 949 ## - LOCAL PROCESSING INFORMATION (OCLC) | |
| a | DT613 |
| w | lcc |
| i | -31823 |
| m | MAIN |
| t | BOOK |
| l | ON-SHELF |
No items available.